000 00303nam a22001337a 4500
008 170522b xxu||||| |||| 00| 0 eng d
020 _ax0009eotdh
041 _aeng
080 _a94
100 _a16
101 _aSHH
245 _aTHE WEB OF SOUTHERN SOCIAL RELATIONS
_cFRASER, W.J
942 _2udc
_cBK
999 _c13605
_d13605